Countries Closest to Montenegro - Statistics

General Stats
  • This quiz has been taken 1,281 times
  • The average score is 19 of 20
Answer Stats
km country miles % Correct
0 Croatia 0
99%
0 Albania 0
98%
0 Bosnia and Herzegovina 0
98%
178 Greece 110
98%
176 Italy 109
98%
0 Kosovo 0
98%
0 Serbia 0
98%
223 Romania 138
96%
358 Slovenia 222
96%
175 Bulgaria 108
95%
247 Hungary 153
95%
88 North Macedonia 0
95%
467 Slovakia 290
93%
416 Austria 258
92%
507 Turkey 315
89%
585 Czech Republic 364
88%
495 San Marino 308
87%
497 Vatican City 309
85%
568 Ukraine 353
83%
631 Poland 392
82%
No matching quizzes found
Score Distribution
Percent of People with Each Score
Percentile by Number Answered
Your Score History
You have not taken this quiz